MARC

LEADER 00000nam0a2200000 4500
001 151377
005 20231101221544.0
035 |a (RuTPU)RU\TPU\book\164121 
090 |a 151377 
100 |a 20090122d1969 km y0rusy50 ca 
101 1 |a rus  |c eng 
102 |a RU 
105 |a a z 000zb 
200 1 |a Нильс Бор - человек и ученый  |e пер. с англ.  |f Р. Мур 
210 |a Москва  |c Мир  |d 1969 
215 |a 470 с.  |c ил. 
600 1 |a Бор  |g Нильс Хедрик Давид  |b Н. Х. Д.  |c датский физик  |f 1885-1962  |2 stltpush  |3 (RuTPU)RU\TPU\pers\950 
606 1 |a Физики  |x Персоналии  |2 stltpush  |3 (RuTPU)RU\TPU\subj\67452  |9 83245 
610 1 |a физика 
610 1 |a физическая наука 
610 1 |a зарубежные страны 
610 1 |a 20 век 
610 1 |a атомная физика 
610 1 |a биография 
610 1 |a научная деятельность 
675 |a 53(092)  |v 3 
700 1 |a Мур  |b Р.  |g Рут 
801 1 |a RU  |b 63413507  |c 20090122  |g PSBO 
801 2 |a RU  |b 63413507  |c 20140314  |g PSBO 
942 |c BK